Władcy jakich dynastii zasiadali na polskim tronie? - Statystyki

Ogólne statystyki
  • Ten quiz został rozwiązany 172 razy
  • Średni wynik to 5 z 7
Statystyki odpowiedzi
Obrazkowy Odpowiedź % Poprawnych
Piastowie
96%
Jagiellonowie
91%
Andegawenowie
79%
Wazowie
76%
Przemyślidzi
47%
Walezjusze
44%
Wettynowie
43%
Nie znaleziono quizów pasujących do podanych kryteriów
Rozkład punktacji
Procent ludzi z każdym wynikiem
Percentyl według liczby udzielonych odpowiedzi
Twoja historia wyników
Nie rozwiązałeś tego quizu